Countries of the World - 4 minute sprint - Statistics

General Stats
  • This quiz has been taken 1,914 times
  • The average score is 125 of 196
Answers on the Map
Answers color-coded by a green-red scale on the quiz's map according to % correct below.
 
Answer Stats
% Correct
Canada
96%
United Kingdom
96%
United States
96%
Brazil
93%
Mexico
93%
Russia
93%
Spain
91%
Chile
89%
China
89%
France
89%
Italy
89%
Norway
88%
Sweden
88%
Argentina
87%
Iceland
87%
Cuba
86%
Denmark
86%
India
86%
Ireland
86%
Peru
86%
Australia
84%
Finland
84%
Germany
84%
Japan
84%
Portugal
84%
Egypt
82%
Algeria
81%
Ukraine
81%
Bolivia
80%
Iran
80%
Austria
79%
Colombia
79%
Iraq
79%
Uruguay
79%
Libya
77%
Morocco
77%
Paraguay
77%
Democratic Republic of the Congo
76%
Oman
76%
Turkey
76%
Belgium
75%
United Arab Emirates
75%
Dominican Republic
74%
Latvia
74%
Panama
74%
Sudan
74%
Yemen
74%
Belize
73%
Niger
73%
Belarus
72%
Haiti
72%
Indonesia
72%
Mali
72%
Mongolia
72%
Nigeria
72%
Pakistan
72%
Poland
72%
Serbia
72%
South Africa
72%
Venezuela
72%
Ecuador
71%
Greece
71%
Saudi Arabia
71%
Guatemala
70%
Guyana
70%
Honduras
70%
Jamaica
70%
Nepal
70%
Netherlands
70%
Tunisia
70%
Chad
69%
Costa Rica
69%
Lithuania
69%
Madagascar
69%
Nicaragua
69%
Suriname
69%
Bahamas
68%
Estonia
68%
Republic of the Congo
68%
Thailand
68%
Vietnam
68%
Hungary
67%
Kazakhstan
67%
Malaysia
67%
New Zealand
67%
Romania
67%
Slovakia
67%
South Korea
67%
Switzerland
67%
Angola
66%
Croatia
66%
Czech Republic
66%
Dominica
66%
Laos
66%
Slovenia
66%
Albania
65%
Bulgaria
65%
Syria
65%
North Korea
64%
Afghanistan
63%
Fiji
63%
Israel
63%
Papua New Guinea
63%
Somalia
63%
Sri Lanka
63%
El Salvador
62%
Taiwan
61%
Cambodia
60%
Kenya
60%
Myanmar
60%
South Sudan
60%
Bangladesh
59%
Bhutan
59%
Bosnia and Herzegovina
59%
Central African Republic
59%
Jordan
59%
Maldives
59%
Malta
59%
Namibia
59%
Philippines
59%
Armenia
58%
Ethiopia
58%
Ghana
58%
Andorra
57%
Qatar
57%
Samoa
57%
San Marino
57%
Cyprus
56%
Guinea
56%
Kuwait
56%
Singapore
56%
Barbados
55%
Togo
55%
Vatican City
55%
Benin
54%
Eritrea
54%
Mauritania
54%
Moldova
54%
Senegal
54%
Georgia
53%
Nauru
53%
Zambia
53%
Bahrain
52%
Brunei
52%
Grenada
52%
Luxembourg
52%
Seychelles
52%
Tanzania
52%
Tonga
52%
Uganda
52%
Kosovo
51%
Monaco
51%
Montenegro
51%
Palau
51%
Saint Kitts and Nevis
51%
Zimbabwe
51%
Comoros
50%
Gambia
50%
Lebanon
50%
Lesotho
50%
North Macedonia
50%
Uzbekistan
50%
Botswana
49%
Cameroon
49%
Turkmenistan
49%
Tuvalu
49%
Gabon
48%
Liberia
48%
Mozambique
48%
Saint Lucia
48%
Tajikistan
48%
Kiribati
47%
Kyrgyzstan
47%
Saint Vincent and the Grenadines
47%
Trinidad and Tobago
47%
Antigua and Barbuda
46%
Azerbaijan
46%
Cape Verde
46%
Eswatini
46%
Federated States of Micronesia
46%
Guinea-Bissau
46%
Malawi
46%
Djibouti
45%
Mauritius
44%
Ivory Coast
43%
Liechtenstein
43%
Rwanda
43%
Vanuatu
43%
East Timor
42%
Burundi
41%
Marshall Islands
41%
Burkina Faso
39%
Sierra Leone
39%
Solomon Islands
39%
São Tomé and Príncipe
37%
Equatorial Guinea
33%
No matching quizzes found
Score Distribution
Percent of People with Each Score
Percentile by Number Answered
Your Score History
You have not taken this quiz